000 00286nam a22001337a 4500
008 170303b xxu||||| |||| 00| 0 eng d
020 _a9780716740247
041 _aeng
080 _a575
100 _a6
101 _aSHM
245 _aTHE DEPENDENT GENE
_cMOORE.D.S
942 _2udc
_cBK
999 _c6769
_d6769